000
00332nam a22001457a 4500
008
221104b ||||| |||| 00| 0 eng d
020
_a
0534578977
041
_a
eng
080
_2
THIRD EDITION
_a
316
082
_a
316 KEN
100
_a
24.2
101
_a
SOCIO
245
_a
SOCIOLOGY IN OUR TIMES
_c
KENDALL D
942
_2
udc
_c
BK
999
_c
58752
_d
58752